00697nam a22001097a 4500040000900000082002700009100001400036245039600050260002800446300002600474856008700500 cRUA  aAVM IN 2011 B098 Or.1  aIN SOTHIA aPrevalance of toxocara vitulorum in mixed breed calves and effect of pyrantel in kang meas district kampong cham province, (កម្រិតរាលដាលនៃ Toxocara vitulorum ចំពោះកូនគោពូជកូនកាត់ និងប្រសិទ្ធភាពនៃ pyrantel ក្នុងស្រុកកងមាស ខេត្តកំពង់ចាម) aphnom penh brua c2011 aix, 31p.bill.c29cm. uhttps://drive.google.com/file/d/1M6owEjQLglMcZxKliv5FfwgtBVK_yiCy/view?usp=sharing